Dialogando sobre pertenencia étnica con docentes bribris y cabécares de Talamanca: experiencias del trabajo colaborativo /
Salvato in:
| Autore principale: | |
|---|---|
| Altri autori: | |
| Natura: | testo |
| Tags: |
Aggiungi Tag
Nessun Tag, puoi essere il primo ad aggiungerne!!
|
MARC
| LEADER | 00000 a a2200000 04500 | ||
|---|---|---|---|
| 001 | 48727 | ||
| 003 | |||
| 040 | |||
| 100 | |a Guevara Víquez, Federico | ||
| 245 | |a Dialogando sobre pertenencia étnica con docentes bribris y cabécares de Talamanca: |b experiencias del trabajo colaborativo / |c Federico Guevara Víquez, Sandra Ovares Barquero | ||
| 700 | |a Ovares Barquero, Sandra | ||
| 773 | |a volumen12, número1, (2015), páginas 53--69 | ||
| 999 | |c 30473 |d 30473 | ||
